[Event "Hessenliga 1516"]
[Site "Germany"]
[Date "2016.04.24"]
[Round "9.4"]
[White "Schreiber, Kurt"]
[Black "Henzelmann, Klaus"]
[Result "1/2-1/2"]
[WhiteElo "2153"]
[BlackElo "1976"]
[PlyCount "67"]
[EventDate "2015.09.27"]
[EventType "team-tourn"]
[EventRounds "9"]
[EventCountry "GER"]
[SourceTitle "EXT 2018"]
[Source "ChessBase"]
[SourceDate "2017.10.13"]
[SourceVersion "1"]
[SourceVersionDate "2017.10.13"]
[SourceQuality "1"]
[WhiteTeam "Dotzheim"]
[BlackTeam "Giessen II"]
[WhiteTeamCountry "GER"]
[BlackTeamCountry "GER"]

1. Nf3 Nc6 2. c4 e5 3. Nc3 f5 4. d4 e4 5. Ng5 Be7 6. Nh3 Nf6 7. g3 0-0 8. Bg2 Na5 9. b3 b6 10. 0-0 c5 11. d5 Nb7 12. f3 exf3 13. exf3 Nd6 14. Re1 a6 15. Bf4 Bb7 16. Qd3 b5 17. Re3 Nfe8 18. Rae1 Bf6 19. Be5 bxc4 20. bxc4 Bxe5 21. Rxe5 Rb8 22. Bf1 Qa5 23. Rb1 g6 24. Ree1 Nf7 25. Rb3 Ned6 26. Nf2 Rfe8 27. Rxe8+ Rxe8 28. f4 Qc7 29. Rb1 Qa5 30. Qd2 Re7 31. Bd3 Kf8 32. Rb3 Qc7 33. Kf1 Ne8 34. Qb2 1/2-1/2

[Event "Hessenliga 1516"]
[Site "Germany"]
[Date "2016.02.14"]
[Round "7.8"]
[White "Pascual Palomo, Lucia"]
[Black "Henzelmann, Klaus"]
[Result "1-0"]
[WhiteElo "2109"]
[BlackElo "1976"]
[PlyCount "87"]
[EventDate "2015.09.27"]
[EventType "team-tourn"]
[EventRounds "9"]
[EventCountry "GER"]
[SourceTitle "EXT 2018"]
[Source "ChessBase"]
[SourceDate "2017.10.13"]
[SourceVersion "1"]
[SourceVersionDate "2017.10.13"]
[SourceQuality "1"]
[WhiteTeam "Gelnhausen"]
[BlackTeam "Giessen II"]
[WhiteTeamCountry "GER"]
[BlackTeamCountry "GER"]

1. e4 g6 2. d4 Bg7 3. Nc3 d6 4. Be3 a6 5. a4 b6 6. f4 Bb7 7. Nf3 Nd7 8. Bc4 e6 9. 0-0 Ngf6 10. Bd3 0-0 11. f5 e5 12. fxg6 hxg6 13. d5 Nh7 14. g4 g5 15. Ne2 f6 16. Ng3 Rf7 17. Nh5 Ndf8 18. Qd2 Ng6 19. a5 b5 20. c4 c6 21. dxc6 Bxc6 22. cxb5 axb5 23. Bc2 Rd7 24. Bb6 Qe8 25. Bb3+ Kh8 26. Bd5 Rb7 27. Rac1 Bxd5 28. Qxd5 Qd7 29. h3 Nf4 30. Nxf4 gxf4 31. Rc6 Bf8 32. Rfc1 Rab8 33. Qxb5 d5 34. Qxd5 Qxd5 35. exd5 Rd7 36. a6 Rxb6 37. Rxb6 Rxd5 38. Rb8 Ra5 39. Ra8 Kg7 40. Rc7+ Kg6 41. Nh4+ Kh6 42. Nf5+ Kg6 43. Rxf8 Nxf8 44. Rg7# 1-0

[Event "Oberliga Ost-B 1314"]
[Site "Germany"]
[Date "2014.03.16"]
[Round "9.7"]
[White "Henzelmann, Klaus"]
[Black "Waffenschmidt, Joachim"]
[Result "0-1"]
[WhiteElo "2015"]
[BlackElo "2048"]
[PlyCount "136"]
[EventDate "2013.10.13"]
[EventType "team-tourn"]
[EventRounds "11"]
[EventCountry "GER"]
[SourceTitle "EXT 2015"]
[Source "ChessBase"]
[SourceDate "2014.11.20"]
[SourceVersion "1"]
[SourceVersionDate "2014.11.20"]
[SourceQuality "1"]
[WhiteTeam "Giessen"]
[BlackTeam "Frankfurt BvK"]
[WhiteTeamCountry "GER"]
[BlackTeamCountry "GER"]

1. e4 e6 2. Nf3 d5 3. e5 c5 4. b4 cxb4 5. d4 Nc6 6. a3 a6 7. axb4 Bxb4+ 8. c3 Be7 9. Bd3 h5 10. 0-0 Nh6 11. Ba3 Nf5 12. Bxe7 Ncxe7 13. Qb3 0-0 14. Nbd2 b5 15. Rfe1 Bd7 16. h3 g6 17. Nf1 Qc7 18. g4 hxg4 19. hxg4 Nh6 20. Ne3 Rfc8 21. Rac1 a5 22. Kg2 Kg7 23. Rh1 Rh8 24. Qa3 Nc6 25. Qc5 Qa7 26. Qd6 Qb8 27. Qxd7 Rc8 28. Qd6 Qb7 29. Ra1 b4 30. cxb4 Nxb4 31. g5 Ng8 32. Bxg6 Kxg6 33. Rhc1 Ra6 34. Rxc8 Rxd6 35. Rxg8+ Kh7 36. Rf8 Ra6 37. Ng4 Kg7 38. Re8 Ra8 39. Nf6 Rxe8 40. Nxe8+ Kf8 41. Nd6 Qc7 42. Rh1 Qc2 43. Ne1 Qd2 44. Nf3 Qc2 45. Ne1 Qg6 46. Nf3 Nd3 47. Rh6 Ne1+ 48. Kf1 Nxf3 49. Rxg6 fxg6 50. Nb5 Nxg5 51. Ke2 Ke7 52. Nc3 Kd7 53. Ke3 Kc6 54. f3 Nh3 55. f4 g5 56. fxg5 Nxg5 57. Kd3 Ne4 58. Nxe4 dxe4+ 59. Kxe4 a4 60. Kd3 Kd5 61. Kc3 a3 62. Kb3 Kxd4 63. Kxa3 Kxe5 64. Kb2 Kf4 65. Kc2 Ke3 66. Kd1 e5 67. Ke1 e4 68. Kf1 Kd2 0-1

[Event "Oberliga Ost-B 1314"]
[Site "Germany"]
[Date "2014.02.23"]
[Round "8.6"]
[White "Dreyer, Michael"]
[Black "Henzelmann, Klaus"]
[Result "1-0"]
[WhiteElo "2224"]
[BlackElo "2015"]
[PlyCount "87"]
[EventDate "2013.10.13"]
[EventType "team-tourn"]
[EventRounds "11"]
[EventCountry "GER"]
[SourceTitle "EXT 2015"]
[Source "ChessBase"]
[SourceDate "2014.11.20"]
[SourceVersion "1"]
[SourceVersionDate "2014.11.20"]
[SourceQuality "1"]
[WhiteTeam "Jena"]
[BlackTeam "Giessen"]
[WhiteTeamCountry "GER"]
[BlackTeamCountry "GER"]

1. e4 g6 2. d4 Bg7 3. Nc3 d6 4. Nge2 a6 5. g3 b5 6. Bg2 Bb7 7. 0-0 Nd7 8. Be3 c5 9. Qd2 Rc8 10. f4 b4 11. Nd1 Qc7 12. Rc1 Ngf6 13. Nf2 a5 14. c4 0-0 15. d5 Nb6 16. g4 Ra8 17. g5 Nfd7 18. Ng3 Na4 19. b3 Nc3 20. a4 Nb6 21. Ng4 f6 22. f5 fxg5 23. Bxg5 Kh8 24. Bh6 Bd4+ 25. Kh1 Rg8 26. f6 exf6 27. Nxf6 Bxf6 28. Rxf6 Rae8 29. Rcf1 Bc8 30. Qf4 Qe7 31. Rxd6 Nd7 32. Re6 Qd8 33. Bg5 Ref8 34. Bxd8 Rxf4 35. Rxf4 Rxd8 36. Rf7 Nf8 37. Ree7 Bg4 38. Bf3 Bxf3+ 39. Rxf3 Nb1 40. e5 Nd2 41. Re3 h5 42. Rc7 Nd7 43. e6 Nf6 44. e7 1-0

[Event "Rhein Main op-A 14th"]
[Site "Bad Homburg"]
[Date "2011.06.25"]
[Round "6"]
[White "Chandler, Patrick"]
[Black "Henzelmann, Klaus"]
[Result "1-0"]
[WhiteElo "2206"]
[BlackElo "2066"]
[PlyCount "51"]
[EventDate "2011.06.22"]
[EventType "swiss"]
[EventRounds "7"]
[EventCountry "GER"]
[SourceTitle "EXT 2012"]
[Source "ChessBase"]
[SourceDate "2011.11.24"]
[SourceVersion "1"]
[SourceVersionDate "2011.11.24"]
[SourceQuality "1"]

1. d4 Nf6 2. Nf3 c5 3. dxc5 Na6 4. Nc3 Nxc5 5. Qd4 Ne6 6. Qh4 d6 7. e4 Bd7 8. e5 dxe5 9. Nxe5 h6 10. Nxd7 Nxd7 11. f4 Nd4 12. Qf2 Nc6 13. Be3 e6 14. 0-0-0 Qa5 15. Bc4 Nb6 16. Bxb6 axb6 17. Nb5 Rc8 18. f5 Bc5 19. Qe2 e5 20. f6 gxf6 21. Qg4 Ne7 22. Kb1 f5 23. Qg7 Rf8 24. Qxe5 f6 25. Nc7+ Rxc7 26. Qxc7 1-0

[Event "Rhein Main op 13th"]
[Site "Bad Homburg"]
[Date "2010.06.06"]
[Round "7"]
[White "Klein, Gernot"]
[Black "Henzelmann, Klaus"]
[Result "1-0"]
[WhiteElo "1930"]
[BlackElo "2055"]
[PlyCount "119"]
[EventDate "2010.06.02"]
[EventType "swiss"]
[EventRounds "7"]
[EventCountry "GER"]
[SourceTitle "EXT 2011"]
[Source "ChessBase"]
[SourceDate "2010.11.26"]
[SourceVersion "1"]
[SourceVersionDate "2010.11.26"]
[SourceQuality "1"]

1. e4 g6 2. d4 Bg7 3. Nc3 d6 4. Bg5 a6 5. Qd2 b5 6. f4 Nd7 7. Nf3 c5 8. dxc5 Nxc5 9. e5 f6 10. exf6 Nxf6 11. 0-0-0 Bb7 12. Bxf6 Bxf6 13. Nd5 Bxd5 14. Qxd5 Rc8 15. Ng5 Qc7 16. Bd3 Bxg5 17. fxg5 Nxd3+ 18. Qxd3 Qc4 19. Rhe1 Qxd3 20. Rxd3 Kd7 21. Rde3 e5 22. Rf1 Ke7 23. Kd2 h6 24. gxh6 Rxh6 25. h3 g5 26. Ra3 d5 27. Rf5 Re6 28. Rxg5 d4 29. Rg7+ Kf6 30. Rag3 e4 31. R7g6+ Ke5 32. Rxe6+ Kxe6 33. Rg6+ Kf5 34. Rxa6 e3+ 35. Kd3 Re8 36. Ke2 Rc8 37. Kd1 e2+ 38. Kxe2 Rxc2+ 39. Kd3 Rxg2 40. Kxd4 Rxb2 41. Kc5 b4 42. Kc4 Kg5 43. Ra8 Kh4 44. Rh8+ Kg5 45. h4+ Kg6 46. h5+ Kg7 47. Ra8 Kh6 48. Ra5 Kg7 49. Ra6 Rb1 50. Rg6+ Kh7 51. Rg2 Rh1 52. Kxb4 Rxh5 53. a4 Rh1 54. a5 Rb1+ 55. Kc5 Rc1+ 56. Kb6 Rb1+ 57. Ka7 Rb5 58. a6 Rb1 59. Rc2 Kg6 60. Rc6+ 1-0

[Event "Rhein Main op 13th"]
[Site "Bad Homburg"]
[Date "2010.06.05"]
[Round "5"]
[White "Ruehrmund, Daniel"]
[Black "Henzelmann, Klaus"]
[Result "1/2-1/2"]
[WhiteElo "1897"]
[BlackElo "2055"]
[PlyCount "109"]
[EventDate "2010.06.02"]
[EventType "swiss"]
[EventRounds "7"]
[EventCountry "GER"]
[SourceTitle "EXT 2011"]
[Source "ChessBase"]
[SourceDate "2010.11.26"]
[SourceVersion "1"]
[SourceVersionDate "2010.11.26"]
[SourceQuality "1"]

1. e4 g6 2. d4 Bg7 3. Nc3 d6 4. Be3 a6 5. Qd2 b5 6. f3 Bb7 7. g4 Nd7 8. Nce2 c5 9. Rb1 Rc8 10. h4 h6 11. Ng3 e6 12. Be2 Qc7 13. Rh3 Ne7 14. c3 cxd4 15. Bxd4 e5 16. Be3 d5 17. h5 g5 18. Bd1 Nb6 19. b3 Rd8 20. Qc1 Qd6 21. Qb2 0-0 22. Rh2 d4 23. Bd2 Rc8 24. Rc1 Rfd8 25. N1e2 Nd7 26. b4 Nb6 27. Bb3 Nc4 28. Bxc4 Rxc4 29. Kf1 Bc8 30. Kg2 Be6 31. Rhh1 d3 32. Ng1 Nc8 33. Nf5 Bxf5 34. gxf5 Nb6 35. Nh3 Qc6 36. Nf2 f6 37. Kg3 Na4 38. Qb3 Bf8 39. a3 Kg7 40. Nd1 Qc7 41. Nb2 Nxb2 42. Qxb2 Be7 43. Kg4 a5 44. Qb3 Qa7 45. Kg3 axb4 46. axb4 Ra8 47. Qb1 Qa2 48. Qxa2 Rxa2 49. Rhd1 Rc8 50. Ra1 Rca8 51. Rxa2 Rxa2 52. Kf2 Bd8 53. Ke3 Kf7 54. Kxd3 Ke7 55. Ke3 1/2-1/2

[Event "Rhein Main op 13th"]
[Site "Bad Homburg"]
[Date "2010.06.04"]
[Round "4"]
[White "Henzelmann, Klaus"]
[Black "Lanz, Udo"]
[Result "1/2-1/2"]
[WhiteElo "2055"]
[BlackElo "1885"]
[PlyCount "55"]
[EventDate "2010.06.02"]
[EventType "swiss"]
[EventRounds "7"]
[EventCountry "GER"]
[SourceTitle "EXT 2011"]
[Source "ChessBase"]
[SourceDate "2010.11.26"]
[SourceVersion "1"]
[SourceVersionDate "2010.11.26"]
[SourceQuality "1"]

1. b3 c5 2. e4 d6 3. f4 e5 4. d3 Nc6 5. Nf3 g6 6. Be2 Bg7 7. Bb2 Nge7 8. Nbd2 0-0 9. fxe5 Nxe5 10. Nxe5 dxe5 11. 0-0 Nc6 12. Nf3 Nd4 13. c3 Ne6 14. Qe1 b6 15. Rd1 Qe7 16. Bc1 Ba6 17. Qh4 Qxh4 18. Nxh4 Rad8 19. g3 Rd6 20. Be3 Rfd8 21. c4 Nd4 22. Bxd4 Rxd4 23. Rf2 Bc8 24. g4 R4d6 25. Rdf1 Rf8 26. Ng2 Bh6 27. Rf6 Be6 28. h4 1/2-1/2

[Event "Oberliga Ost-B 0910"]
[Site "Germany"]
[Date "2009.11.14"]
[Round "2.8"]
[White "Henzelmann, Klaus"]
[Black "Falk, Thomas"]
[Result "1/2-1/2"]
[WhiteElo "2106"]
[BlackElo "2122"]
[PlyCount "139"]
[EventDate "2009.10.18"]
[EventType "team-tourn"]
[EventRounds "11"]
[EventCountry "GER"]
[SourceTitle "EXT 2011"]
[Source "ChessBase"]
[SourceDate "2010.11.26"]
[SourceVersion "1"]
[SourceVersionDate "2010.11.26"]
[SourceQuality "1"]
[WhiteTeam "Giessen"]
[BlackTeam "Oberursel"]
[WhiteTeamCountry "GER"]
[BlackTeamCountry "GER"]

1. e4 e5 2. Bc4 Nc6 3. Nf3 Nf6 4. Ng5 d5 5. exd5 Na5 6. Bb5+ c6 7. dxc6 bxc6 8. Qf3 Bb7 9. Bd3 Bd6 10. Nc3 0-0 11. 0-0 c5 12. Qh3 h6 13. Nge4 Nd5 14. Nxd5 Bxd5 15. Nc3 Bc6 16. Be4 Rb8 17. d3 Rb4 18. a3 Rb6 19. Bxc6 Nxc6 20. b3 Nd4 21. Ra2 f5 22. Be3 Ne6 23. Nd5 Rb7 24. Raa1 Rff7 25. Kh1 Bf8 26. Nc3 g5 27. Qf3 Rbd7 28. Qd1 e4 29. Qh5 exd3 30. Qg6+ Ng7 31. Qxh6 f4 32. Bc1 Rd6 33. Qh3 dxc2 34. Bb2 Rg6 35. Qg4 Nf5 36. Ne4 Nd4 37. Qh5 Rgg7 38. Rac1 f3 39. Bxd4 fxg2+ 40. Kxg2 Qxd4 41. Ng3 Qd5+ 42. Kg1 Qxb3 43. Qe2 Qxa3 44. Rxc2 Qf3 45. Qc4 Kh8 46. Rc3 Qf4 47. Nh5 Qxc4 48. Rxc4 Rh7 49. Ng3 Rh4 50. Rfc1 Kg7 51. Kg2 Kg6 52. Rxh4 gxh4 53. Ne4 Rc7 54. Rc4 Kf5 55. Nd2 Rg7+ 56. Kf3 Be7 57. Ne4 Ke5 58. Ra4 Bf8 59. Nd2 Rf7+ 60. Ke2 Rh7 61. Nf3+ Kd5 62. Nxh4 c4 63. Nf5 Bc5 64. h4 Rh5 65. Ne3+ Bxe3 66. Kxe3 Rxh4 67. Rxa7 Re4+ 68. Kd2 Rd4+ 69. Kc2 Rf4 70. Rd7+ 1/2-1/2

[Event "Karl Mala Memorial op 12th"]
[Site "Frankfurt"]
[Date "2009.07.17"]
[Round "3"]
[White "Henzelmann, Klaus"]
[Black "Lanz, Udo"]
[Result "1/2-1/2"]
[WhiteElo "2106"]
[BlackElo "1911"]
[PlyCount "26"]
[EventDate "2009.07.16"]
[EventType "swiss"]
[EventRounds "7"]
[EventCountry "GER"]
[SourceTitle "EXT 2010"]
[Source "ChessBase"]
[SourceDate "2010.11.25"]
[SourceVersion "1"]
[SourceVersionDate "2010.11.25"]
[SourceQuality "1"]

1. e4 e5 2. Bc4 Bc5 3. Nf3 d6 4. d4 exd4 5. Nxd4 Nc6 6. Nxc6 bxc6 7. 0-0 Nf6 8. Nc3 h6 9. Qd3 Ng4 10. Bf4 Qf6 11. Bg3 Ne5 12. Bxe5 Qxe5 13. Rad1 0-0 1/2-1/2

[Event "Rhein Main op 12th"]
[Site "Bad Homburg"]
[Date "2009.06.10"]
[Round "1"]
[White "Baskin, Robert"]
[Black "Henzelmann, Klaus"]
[Result "0-1"]
[WhiteElo "1697"]
[BlackElo "2081"]
[PlyCount "80"]
[EventDate "2009.06.10"]
[EventType "swiss"]
[EventRounds "7"]
[EventCountry "GER"]
[SourceTitle "CBM 131 Extra"]
[Source "ChessBase"]
[SourceDate "2009.09.03"]
[SourceVersion "2"]
[SourceVersionDate "2009.09.16"]
[SourceQuality "1"]

1. e4 c6 2. d4 d5 3. Nc3 dxe4 4. Nxe4 Nf6 5. Nxf6+ gxf6 6. Bc4 Bf5 7. Ne2 e6 8. Ng3 Nd7 9. 0-0 Bg6 10. Re1 Qc7 11. a4 0-0-0 12. Bd2 Nb6 13. Bb3 Rxd4 14. Qe2 Rd8 15. a5 Nd5 16. Ra4 Bd6 17. Be3 Nxe3 18. Qxe3 Kb8 19. h3 Be5 20. a6 b5 21. Ra2 Bxg3 22. Qxg3 Qxg3 23. fxg3 Rd2 24. c4 Bc2 25. Bxc2 Rxc2 26. cxb5 cxb5 27. Rf1 f5 28. g4 fxg4 29. hxg4 Rf8 30. Rf2 Rc1+ 31. Rf1 Rxf1+ 32. Kxf1 Kc7 33. Ke2 Kb6 34. b4 Rc8 35. Kd3 Rc4 36. Rf2 Rxb4 37. Rxf7 Rxg4 38. Rxh7 Rxg2 39. Rh6 Kxa6 40. Rxe6+ Ka5 0-1

[Event "Hessen-ch Gr-B"]
[Site "Idstein"]
[Date "2009.04.10"]
[Round "4"]
[White "Henzelmann, Klaus"]
[Black "Diez, Gerhard"]
[Result "0-1"]
[WhiteElo "2081"]
[BlackElo "2093"]
[PlyCount "76"]
[EventDate "2009.04.08"]
[EventType "swiss"]
[EventRounds "7"]
[EventCountry "GER"]
[SourceTitle "EXT 2010"]
[Source "ChessBase"]
[SourceDate "2010.11.25"]
[SourceVersion "1"]
[SourceVersionDate "2010.11.25"]
[SourceQuality "1"]

1. e4 c5 2. Nc3 g6 3. g3 Bg7 4. Bg2 Nc6 5. Nge2 d6 6. 0-0 e5 7. d3 Nge7 8. Nd5 f6 9. Nec3 Be6 10. f4 0-0 11. Be3 b6 12. Qd2 Rc8 13. Rf2 f5 14. Nxe7+ Nxe7 15. Raf1 Qd7 16. Kh1 d5 17. exd5 Nxd5 18. Nxd5 Bxd5 19. fxe5 Bxe5 20. b3 Rfe8 21. a4 Re6 22. a5 Rce8 23. axb6 axb6 24. g4 fxg4 25. Bh6 Bxg2+ 26. Rxg2 Qc6 27. c3 g3 28. hxg3 Bxg3 29. Kg1 Be5 30. d4 cxd4 31. cxd4 Bd6 32. Qf2 Qd7 33. Qf3 Re4 34. Rd1 Rxd4 35. Rxd4 Bc5 36. Rf2 Bxd4 37. Kf1 Bxf2 38. Kxf2 Qf7 0-1

[Event "Hessen-ch Gr-B"]
[Site "Idstein"]
[Date "2009.04.09"]
[Round "2"]
[White "Henzelmann, Klaus"]
[Black "Kreiling, Carsten"]
[Result "0-1"]
[WhiteElo "2081"]
[BlackElo "2116"]
[PlyCount "84"]
[EventDate "2009.04.08"]
[EventType "swiss"]
[EventRounds "7"]
[EventCountry "GER"]
[SourceTitle "EXT 2010"]
[Source "ChessBase"]
[SourceDate "2010.11.25"]
[SourceVersion "1"]
[SourceVersionDate "2010.11.25"]
[SourceQuality "1"]

1. e4 c5 2. Nc3 Nc6 3. Bb5 Nd4 4. Bc4 g6 5. Nge2 Bg7 6. 0-0 d6 7. Nxd4 cxd4 8. Ne2 Nf6 9. d3 d5 10. Bb5+ Bd7 11. Bxd7+ Nxd7 12. f4 dxe4 13. dxe4 Nc5 14. Ng3 0-0 15. Bd2 Rc8 16. Rb1 h5 17. Qf3 h4 18. Nh1 Qc7 19. Nf2 Qc6 20. Rfc1 f5 21. e5 Qxf3 22. gxf3 Bh6 23. Kg2 Ne6 24. Nd3 Rc7 25. Kf1 Rfc8 26. c3 dxc3 27. Rxc3 Rxc3 28. bxc3 b6 29. Rb4 Nc5 30. Nxc5 Rxc5 31. Kg2 Bg7 32. Kh3 g5 33. fxg5 Bxe5 34. c4 Ra5 35. a4 Bd6 36. Rb5 Rxa4 37. Rxf5 Rxc4 38. f4 Rd4 39. Bc1 Rc4 40. Bb2 Rxf4 41. Rxf4 Bxf4 42. Bd4 Bxg5 0-1

[Event "Oberliga Ost-B 0809"]
[Site "Germany"]
[Date "2009.03.15"]
[Round "9.7"]
[White "Henzelmann, Klaus"]
[Black "Czech, Ludwig"]
[Result "0-1"]
[WhiteElo "2081"]
[BlackElo "2070"]
[PlyCount "70"]
[EventDate "2008.10.26"]
[EventType "team-tourn"]
[EventRounds "11"]
[EventCountry "GER"]
[SourceTitle "EXT 2010"]
[Source "ChessBase"]
[SourceDate "2010.11.25"]
[SourceVersion "1"]
[SourceVersionDate "2010.11.25"]
[SourceQuality "1"]
[WhiteTeam "Giessen"]
[BlackTeam "Offenbach"]
[WhiteTeamCountry "GER"]
[BlackTeamCountry "GER"]

1. e4 e6 2. Nf3 d5 3. e5 c5 4. b4 cxb4 5. d4 Ne7 6. a3 Nec6 7. axb4 Bxb4+ 8. c3 Be7 9. Bd3 Nd7 10. Qc2 h6 11. 0-0 0-0 12. Ba3 b6 13. Bxe7 Qxe7 14. Na3 Na5 15. Nb5 Ba6 16. Nd6 Bxd3 17. Qxd3 Nb8 18. g4 g6 19. Nd2 Qg5 20. h3 Qf4 21. Kg2 Nbc6 22. Rae1 Ne7 23. Re3 Nc4 24. N2xc4 dxc4 25. Qxc4 Nd5 26. Rf3 Qd2 27. Kg3 Qc2 28. Re1 a5 29. Qc6 Qd2 30. Ra1 Qb2 31. Rh1 Ra7 32. Nxf7 Raxf7 33. Qxe6 Kg7 34. Rxf7+ Rxf7 35. Qxd5 Qxf2# 0-1

[Event "Giessen op"]
[Site "Giessen"]
[Date "2009.??.??"]
[Round "7"]
[White "Henrich, Thomas"]
[Black "Henzelmann, Klaus"]
[Result "1-0"]
[WhiteElo "2195"]
[BlackElo "2105"]
[PlyCount "105"]
[EventDate "2009.??.??"]
[EventType "swiss"]
[EventRounds "7"]
[EventCountry "GER"]
[SourceTitle "EXT 2011"]
[Source "ChessBase"]
[SourceDate "2010.11.26"]
[SourceVersion "1"]
[SourceVersionDate "2010.11.26"]
[SourceQuality "1"]

1. d4 e5 2. dxe5 Nc6 3. Nf3 Nge7 4. g3 Ng6 5. Bg2 Ngxe5 6. 0-0 Be7 7. Nc3 0-0 8. Nd5 Nxf3+ 9. Bxf3 Ne5 10. Bg2 c6 11. Bf4 d6 12. Nxe7+ Qxe7 13. Qd4 Rd8 14. Rad1 Bf5 15. e4 Bh3 16. Rfe1 Bxg2 17. Kxg2 f6 18. b3 b5 19. h3 Qb7 20. Bc1 a5 21. f4 Nf7 22. Bb2 Re8 23. g4 c5 24. Qd5 Qxd5 25. exd5 Rxe1 26. Rxe1 Kf8 27. a4 b4 28. Kf3 Re8 29. Rxe8+ Kxe8 30. Ke4 Kd7 31. h4 Nh6 32. Kf3 Ng8 33. c3 Nh6 34. cxb4 axb4 35. h5 Nf7 36. Ke4 Nd8 37. h6 gxh6 38. Bxf6 Nb7 39. Kd3 Na5 40. Kc2 c4 41. bxc4 Nxc4 42. Bd4 Kc7 43. Kb3 Nd2+ 44. Kxb4 Nf3 45. Kc4 Nh2 46. f5 Nxg4 47. f6 Kd7 48. a5 h5 49. a6 h4 50. a7 h3 51. a8Q h2 52. Qb7+ Ke8 53. Qe7# 1-0

[Event "Giessen op"]
[Site "Giessen"]
[Date "2009.??.??"]
[Round "6"]
[White "Henzelmann, Klaus"]
[Black "Bolte, Christoph Matt"]
[Result "1/2-1/2"]
[WhiteElo "2105"]
[BlackElo "2000"]
[PlyCount "29"]
[EventDate "2009.??.??"]
[EventType "swiss"]
[EventRounds "7"]
[EventCountry "GER"]
[SourceTitle "EXT 2011"]
[Source "ChessBase"]
[SourceDate "2010.11.26"]
[SourceVersion "1"]
[SourceVersionDate "2010.11.26"]
[SourceQuality "1"]

1. e4 e6 2. d3 d5 3. Nd2 Nf6 4. Ngf3 c5 5. g3 Nc6 6. Bg2 dxe4 7. dxe4 Be7 8. 0-0 0-0 9. Re1 Qc7 10. e5 Nd7 11. Qe2 b6 12. c3 a5 13. Nf1 Ba6 14. Qe4 Bb7 15. Qe2 1/2-1/2

[Event "Wetzlar op"]
[Site "Wetzlar"]
[Date "2009.??.??"]
[Round "1"]
[White "Mueller, Klaus1111"]
[Black "Henzelmann, Klaus"]
[Result "1/2-1/2"]
[WhiteElo "2025"]
[BlackElo "2105"]
[PlyCount "90"]
[EventDate "2009.??.??"]
[EventType "swiss"]
[EventRounds "7"]
[EventCountry "GER"]
[SourceTitle "EXT 2011"]
[Source "ChessBase"]
[SourceDate "2010.11.26"]
[SourceVersion "1"]
[SourceVersionDate "2010.11.26"]
[SourceQuality "1"]

1. d4 c5 2. Nf3 cxd4 3. Bf4 d6 4. c3 dxc3 5. Nxc3 Nf6 6. e4 Nc6 7. Bb5 Bd7 8. 0-0 g6 9. Qd2 Bg7 10. Bh6 0-0 11. Bxg7 Kxg7 12. e5 dxe5 13. Bxc6 Bxc6 14. Qxd8 Rfxd8 15. Nxe5 Rd2 16. Nxc6 bxc6 17. Na4 Rad8 18. f3 R8d4 19. b3 Nd5 20. Rf2 Rxf2 21. Kxf2 Rd2+ 22. Kg1 Rc2 23. a3 a5 24. Kh1 Kf6 25. Kg1 Ke5 26. g3 g5 27. Re1+ Kd6 28. Re4 Ra2 29. h4 h6 30. hxg5 hxg5 31. Kf1 Rxa3 32. Nb2 Ra1+ 33. Kf2 Ra2 34. Re2 Nc3 35. Nc4+ Kc5 36. Rxa2 Nxa2 37. Nxa5 Kb5 38. Nc4 Nc1 39. Ne5 f6 40. Ng6 Nxb3 41. Nxe7 Nc5 42. Ke3 Nb7 43. Ng8 f5 44. Ne7 Nd6 45. Kd4 f4 1/2-1/2

[Event "Giessen-ch"]
[Site "Giessen"]
[Date "2008.04.04"]
[Round "5"]
[White "Bajramovic, Bego"]
[Black "Henzelmann, Klaus"]
[Result "0-1"]
[WhiteElo "2118"]
[BlackElo "2081"]
[PlyCount "130"]
[EventDate "2008.02.01"]
[EventType "swiss"]
[EventRounds "7"]
[EventCountry "GER"]
[SourceTitle "EXT 2010"]
[Source "ChessBase"]
[SourceDate "2010.11.25"]
[SourceVersion "1"]
[SourceVersionDate "2010.11.25"]
[SourceQuality "1"]

1. e4 d5 2. exd5 Nf6 3. c4 c6 4. dxc6 Nxc6 5. Nf3 e5 6. d3 e4 7. dxe4 Qxd1+ 8. Kxd1 Nxe4 9. Be3 Bf5 10. Nbd2 0-0-0 11. Kc1 Bc5 12. Nxe4 Bxe3+ 13. fxe3 Bxe4 14. Be2 Rhe8 15. Rf1 Bd3 16. Bxd3 Rxd3 17. Re1 Rdxe3 18. Rxe3 Rxe3 19. Kd2 Re7 20. Rf1 f6 21. Nh4 Ne5 22. Nf5 Rd7+ 23. Kc3 Kc7 24. Nd4 b6 25. h4 Nc6 26. Ne6+ Kd6 27. Nf8 Rd8 28. Nxh7 Ke7 29. Rf5 Ne5 30. b3 Ke6 31. Rh5 Kf7 32. Nxf6 Kxf6 33. Kb4 Rd2 34. c5 bxc5+ 35. Kxc5 Rxa2 36. Rg5 Rc2+ 37. Kb5 Rc3 38. b4 g6 39. Ka6 Ra3+ 40. Kb5 Rb3 41. Ka4 Re3 42. Kb5 Re4 43. g3 Nd3 44. Ka6 Rxb4 45. Kxa7 Ne5 46. Ka6 Nf7 47. Rc5 Ne5 48. Rc3 Kf5 49. Ka5 Rb1 50. Ka6 Rg1 51. Kb5 Kg4 52. Re3 Rxg3 53. Rxe5 Kxh4 54. Kc4 g5 55. Kd4 Rf3 56. Ke4 Rf8 57. Ke3 g4 58. Re7 Kh3 59. Ke2 Kg2 60. Re6 g3 61. Re7 Kg1 62. Rg7 g2 63. Rh7 Re8+ 64. Kf3 Kf1 65. Ra7 Rf8+ 0-1

[Event "Giessen-ch"]
[Site "Giessen"]
[Date "2008.02.15"]
[Round "2"]
[White "Henzelmann, Klaus"]
[Black "Ottway, Christopher"]
[Result "1/2-1/2"]
[WhiteElo "2081"]
[BlackElo "1630"]
[PlyCount "37"]
[EventDate "2008.02.01"]
[EventType "swiss"]
[EventRounds "7"]
[EventCountry "GER"]
[SourceTitle "EXT 2010"]
[Source "ChessBase"]
[SourceDate "2010.11.25"]
[SourceVersion "1"]
[SourceVersionDate "2010.11.25"]
[SourceQuality "1"]

1. e4 Nf6 2. e5 Nd5 3. d4 d6 4. c4 Nb6 5. exd6 cxd6 6. a4 g6 7. Nc3 Nc6 8. a5 Nd7 9. Nf3 Bg7 10. Be2 0-0 11. 0-0 Nxa5 12. b4 Nc6 13. b5 Ncb8 14. Ra3 b6 15. Be3 a5 16. Qd2 Bb7 17. Bh6 Nf6 18. Rd1 Nbd7 19. Bxg7 1/2-1/2

[Event "Bad Zwesten op-A"]
[Site "Bad Zwesten"]
[Date "2008.01.02"]
[Round "1"]
[White "Kersten, Uwe"]
[Black "Henzelmann, Klaus"]
[Result "1/2-1/2"]
[WhiteElo "2282"]
[BlackElo "2074"]
[PlyCount "33"]
[EventDate "2008.01.02"]
[EventType "swiss"]
[EventRounds "9"]
[EventCountry "GER"]
[SourceTitle "CBM 123"]
[Source "ChessBase"]
[SourceDate "2008.04.02"]
[SourceVersion "1"]
[SourceVersionDate "2008.04.02"]
[SourceQuality "1"]

1. e4 d5 2. exd5 c6 3. dxc6 e5 4. Nc3 Nxc6 5. Bb5 Nf6 6. d3 Bc5 7. Nf3 0-0 8. Bxc6 bxc6 9. 0-0 Qc7 10. Be3 Be7 11. Bg5 Rb8 12. Rb1 Bg4 13. Re1 Bb4 14. Bxf6 gxf6 15. Qe2 Kh8 16. Qe4 Rg8 17. Kf1 1/2-1/2